000 00646nam a2200205Ia 4500
003 GCL
008 140319s9999 xx 000 0 ara d
040 _aGCL /
_cGCL
082 0 4 _a811.6
_bم ش
100 1 _aمحمد مجيد السعيد
245 1 0 _aالشعر فى عهد المرابطين والموحدين بالاندلس /
_cمحمد مجيد السعيد
260 _a[S.N] :
_bالدار العربية للموسوعات ،
_c1985
300 _a459 ص
490 _a
650 0 4 _aالشعر العربى
650 0 4 _aالمرابطون
650 0 4 _aالموحدون
650 0 4 _aتاريخ ونقد
942 _2ddc
_cBK
999 _c28556
_d28556